| 000 | 00666nam a2200229Ia 4500 | ||
|---|---|---|---|
| 008 | 160319s9999 xx 000 0 und d | ||
| 020 | _a9712719196 | ||
| 050 | _a302.23 | ||
| 050 | _bM464e 2007 | ||
| 100 | _aMaximiano, Jose Mario | ||
| 245 | _aEthics and social responsibility in mass communication / | ||
| 245 | _c[edited by] Jose Mario B. Maximino. | ||
| 260 | _aPasig City : | ||
| 260 | _bAnvil Pub. Inc | ||
| 260 | _c2007 | ||
| 300 | _a202 pages ; | ||
| 300 | _c23 cm. | ||
| 650 | _aCommunication -- Philippines -- | ||
| 650 | _aMass media -- Philippines -- | ||
| 650 | _x Moral and ethical aspects. | ||
| 650 | _xMoral and ethical aspects. | ||
| 999 |
_c292104 _d292104 |
||